Zbierka úloh z vyššej algebry

Gespeichert in:
Bibliographische Detailangaben
Hauptverfasser: Faddejev, A. K. (Verfasst von), Sominskij, J. S. (Verfasst von)
Format: Buch
Sprache:Slowakisch
Veröffentlicht: Bratislava : Alfa, 1968
Ausgabe:1. vyd.
Tags: Tag hinzufügen
Keine Tags, Fügen Sie das erste Tag hinzu!

MARC

LEADER 00000nam a22000003a 4500
001 stu51225
005 20150617225705.4
008 991206s1968----cs------------------slo-d
040 |a STU  |b slo 
041 0 |a slo 
044 |a cs 
080 |a 512.8(076)  |7 A000000979 
100 1 |a Faddejev, A. K.  |4 aut 
245 1 |a Zbierka úloh z vyššej algebry 
250 |a 1. vyd. 
260 |a Bratislava :  |b Alfa,  |c 1968 
300 |a 324 s 
700 1 |a Sominskij, J. S.  |4 aut 
996 |b 284EK01716  |c E*20672  |l EE01  |s A  |a 24  |w stu51225_0001